| 000 | 00673nam a22002297a 4500 | ||
|---|---|---|---|
| 001 | 32777 | ||
| 003 | UA-OsUOA | ||
| 005 | 20210902121425.0 | ||
| 007 | ta | ||
| 008 | 20050211b un ||||| |||| 00| 0 ukr d | ||
| 040 |
_aUA-OsUOA _brus _cUA-OsUOA _dUA-OsUOA |
||
| 041 | _arus | ||
| 044 | _aUA | ||
| 080 | _a94(477).092 | ||
| 090 |
_a94(477).092 _bС56 |
||
| 245 | _aСоветская Украина в годы Великой отечественной войны 1941 – 1945 гг. | ||
| 260 |
_aК. _bНаукова думка _c1985 |
||
| 300 | _a512 с. | ||
| 650 | 7 |
_a9 Географія. Біографії. Історія _2UDC |
|
| 942 |
_cBK _2udc |
||
| 955 | _a1 | ||
| 999 |
_c319230 _d319230 |
||